书目信息 |
| 题名: |
传热学自学辅导
|
|
| 作者: | 朱华 编著 ;全国高等教育自学考试指导委员会 组编 | |
| 分册: | ||
| 出版信息: | 杭州 浙江大学出版社 2001.09 |
|
| 页数: | 118页 | |
| 开本: | 26cm | |
| 丛书名: | ||
| 单 册: | ||
| 中图分类: | TK124 | |
| 科图分类: | ||
| 主题词: | 传热学--chuan re xue--高等教育--自学参考资料 | |
| 电子资源: | ||
| ISBN: | 7-308-02490-3 | |
| 000 | 01041nam0 2200241 450 | |
| 001 | 012006553703 | |
| 005 | 20070611151118.18 | |
| 010 | @a7-308-02490-3@dCNY12.80 | |
| 100 | @a20061206d2001 km y0chiy0120 ea | |
| 101 | 0 | @achi |
| 102 | @aCN@b330000 | |
| 105 | @aa z 000yy | |
| 200 | 1 | @a传热学自学辅导@Achuan re xue zi xue fu dao@f朱华编著@Fzhu hua bian zhu@g全国高等教育自学考试指导委员会组编@Gquan guo gao deng jiao yu zi xue kao shi zhi dao wei yuan hui zu bian |
| 210 | @a杭州@c浙江大学出版社@d2001.09 | |
| 215 | @a118页@c图@d26cm | |
| 300 | @a全国高等教育自学考试 | |
| 330 | @a本书分六章,包括导热、对流换热、辐射换热、传热过程和换热器等内容,从学习目标、学习重点、基本概念和技能、学习内容的要点和难点指导、补充有关背景材料等方面加以阐述。 | |
| 606 | 0 | @a传热学@Achuan re xue@x高等教育@j自学参考资料 |
| 690 | @aTK124@v4 | |
| 701 | 0 | @a朱华@Azhu hua@4编著 |
| 712 | 02 | @a全国高等教育自学考试指导委员会@Aquan guo gao deng jiao yu zi xue kao shi zhi dao wei yuan hui@4组编 |
| 801 | 0 | @aCN@c20070611 |
| 905 | @a10447@dTK124@eZ840 | |
| 传热学自学辅导/朱华编著/全国高等教育自学考试指导委员会组编.-杭州:浙江大学出版社,2001.09 |
| 118页:图;26cm |
| 全国高等教育自学考试 |
| ISBN 7-308-02490-3:CNY12.80 |
| 本书分六章,包括导热、对流换热、辐射换热、传热过程和换热器等内容,从学习目标、学习重点、基本概念和技能、学习内容的要点和难点指导、补充有关背景材料等方面加以阐述。 |
| ● |
| 相关链接 |
|
|
|
正题名:传热学自学辅导
索取号:TK124/Z840
 
预约/预借
| 序号 | 登录号 | 条形码 | 馆藏地/架位号 | 状态 | 备注 |
| 1 | 230866 | 202308662 | 自科库501/501自科库 136排2列5层/ [索取号:TK124/Z840] | 在馆 | |
| 2 | 230867 | 202308671 | 自科库501/501自科库 136排2列5层/ [索取号:TK124/Z840] | 在馆 | |
| 3 | 230868 | 202308680 | 自科库501/501自科库 136排2列5层/ [索取号:TK124/Z840] | 在馆 |